000 00428nam a2200157 i 4500
001 101489
003 ES-MaACL
005 20230906182923.0
007 t|
008 051019s1972 sp ||||1| spa d
100 1 _aMead, Margaret.
_979621
245 1 0 _aAdolescencia, sexo y cultura en Samoa /
_cMargaret Mead.
260 _aBarcelona :
_bLaia,
_c1972.
300 _a307 p. ;
_c19 cm.
852 _aES-MaACL
_jC-54395
_bR.83816
999 _c101489
_d101489